Представление документа в формате MARC21

Поле Инд. ПП Название Значение
Тип записи a
Библиографический уровень m
001 Контрольный номер 84e93269-0e5f-4379-8da4-5d6442825d1d
005 Дата корректировки 20140226161623.2
008 Кодируемые данные 800711 d
020 a ISBN 5-02-017215-4
c Цена, тираж 3.00
040 a Служба первич. каталог. RU-RKP
040 a Служба первич. каталог. НБ ТвГУ
041 a Код языка текста rus
080 a Индекс УДК 338(5-773)(091)"195/198":930(100-662)(082)
084 a Индекс другой классификации/Индекс ББК Т3(2)63
090 x Авторский знак В78
a Полочн. индекс Т3(5)63
245 a Заглавие Восток и мировое обществознание
b Продолж. заглавия Зарубеж. концепции развития освободившихся стран : [Сб. ст.]
c Ответственность АН СССР, Ин-т востоковедения; [Отв. ред. Л.И. Рейснер]
c Ответственность Ин-т востоковедения АН СССР
260 0_ a Место издания Москва
b Издательство Наука
c Дата издания 1991
300 a Объем 247 с.
b Иллюстрации/ тип воспроизводства ил.
c Размеры 21 см
504 a Библиография Библиогр. в примеч. в конце ст.
650 a Основная рубрика Страны Востока
x Основная подрубрика История
x Основная подрубрика Социально-экономические проблемы развития
y Хронологическая подрубрика 20 в.
z Географическая подрубрика Азия
z Географическая подрубрика Япония
653 a Ключевые слова Страны Востока
a Ключевые слова История стран Востока
a Ключевые слова История Азии
a Ключевые слова История Японии
700 1_ a Другие авторы Рейснер Лев Игоревич
e Роль лиц ред.
852 t Порядковый номер экземпляра 1
p Инвентарный номер 626235
954 a Дата поступления на обработку 20000911
999 a Подразделение 2 ч.з.